| 000 | 00539nam a2200121Ia 4500 | ||
|---|---|---|---|
| 008 | 220620s9999||||xx |||||||||||||| ||und|| | ||
| 100 | _aOlav Lysne | ||
| 245 | 4 | _aThe Huawei and Snowden Questions: Can Electronic Equipment from Untrusted Vendors be Verified? Can an Untrusted Vendor Build Trust into Electronic Equipment? | |
| 546 | _aEnglish[eng] | ||
| 650 | _acyber security||computer science||digital vulnerability||IT management||computer engineering | ||
| 856 | _uhttps://link.springer.com/book/10.1007/978-3-319-74950-1 | ||
| 942 | _cEB | ||
| 999 |
_c21496 _d21496 |
||